| 000 | 00723nam a2200217 i 4500 | ||
|---|---|---|---|
| 001 | 58528 | ||
| 003 | ES-MaACL | ||
| 005 | 20230906163828.0 | ||
| 007 | t| | ||
| 008 | 031022s1918 fr ||||1| fre d | ||
| 100 | 1 |
_aDuguit, Léon. _945936 |
|
| 245 | 1 | 0 |
_aManuel de droit constitutionnel _b: ; Theorie generale de l'Etat ; Le droit et l'Etat ; Les libretes publiques ; Organisation politique / _cpar Leon Duguit. |
| 250 | _a3eme ed. | ||
| 260 |
_a[S.l. : _bs.n., _c1918] ( _eBordeaux : _fCadoret) |
||
| 300 |
_aXI, 589 p. ; _c19 cm. |
||
| 740 | 0 | _aTheorie generale de l'Etat. | |
| 740 | 3 | _aLe droit et l'Etat. | |
| 740 | 4 | _aLes libertes publiques. | |
| 740 | 0 | _aOrganisation politique. | |
| 852 |
_aES-MaACL _jF-3222 |
||
| 999 |
_c58528 _d58528 |
||